Central Library OPAC University of Rajshahi

أسباب النزول ;; Asbāb al-nuzūl / (Record no. 77943)

MARC details
000 -LEADER
fixed length control field 00875nam a2200241 a 4500
001 - CONTROL NUMBER
control field 77943
003 - CONTROL NUMBER IDENTIFIER
rucl marc code BD-RjUL
005 - DATE AND TIME OF LATEST TRANSACTION
control field 20220110154444.0
008 - FIXED-LENGTH DATA ELEMENTS--GENERAL INFORMATION
fixed length control field 210214s14241959ua 000 0 ara d
035 ## - SYSTEM CONTROL NUMBER
System control number (BD-RjUL)78169
040 ## - CATALOGING SOURCE
Modifying agency UkOxU
Original cataloging agency BD-RjUL
Language of cataloging eng
Transcribing agency BD-RjUL
041 ## - LANGUAGE CODE
Language code of text/sound track or separate title ara
066 ## - CHARACTER SETS PRESENT
Alternate G0 or G1 character set (3
082 ## - DEWEY DECIMAL CLASSIFICATION NUMBER
Edition number 23
Classification number 297.122601
Author mark and year WAA 1959
100 1# - MAIN ENTRY--PERSONAL NAME
Personal name واحدي أبي الحسن علي بن أحمد ;; Wāḥidī, Abū al-Ḥasan ʿAlī ibn Aḥmad,
Dates associated with a name -1075 or 1076.
9 (RLIN) 244913
245 10 - TITLE STATEMENT
Title أسباب النزول ;; Asbāb al-nuzūl /
Statement of responsibility, etc. أبي الحسن علي بن أحمد الواحدي ;; Abī al-Ḥasan ʿAlī ibn Aḥmad al-Wāḥidī
260 ## - PUBLICATION, DISTRIBUTION, ETC. (IMPRINT)
Linkage 880-03
Place of publication, distribution, etc. Miṣr :
Name of publisher, distributor, etc. Dar al Hadith ,
Date of publication, distribution, etc. 1424 [2003]
300 ## - PHYSICAL DESCRIPTION
Pagination 380 p. ;
Size 25 cm.
650 ## - SUBJECT ADDED ENTRY--TOPICAL TERM
Topical term or geographic name as entry element Quran
9 (RLIN) 244914
Topical term or geographic name as entry element Revelation--Islam
9 (RLIN) 244915
Topical term or geographic name as entry element Hermeneutics
9 (RLIN) 244916
942 ## - ADDED ENTRY ELEMENTS (KOHA)
Source of classification or shelving scheme Dewey Decimal Classification
Koha item type Books
Holdings
Lost status Source of classification or shelving scheme Damaged status Not for loan Collection code Permanent Location Current Location Shelving location Date acquired Source of acquisition Cost, normal purchase price Full call number Date last seen Copy number Koha item type
  Dewey Decimal Classification   Not For Loan Non-fiction Central Library, University of Rajshahi Central Library, University of Rajshahi Reading Room 16/06/2008 Maktabatul Arabiah , Dhaka 400.00 A 297.122601 WAA 1959 14/02/2021 C-1 Books
  Dewey Decimal Classification     Non-fiction Central Library, University of Rajshahi Central Library, University of Rajshahi General Stacks   Maktabatul Arabiah , Dhaka   A 297.122601 WAA 1959 10/01/2022 C-2 Books